000 01273nam a22004217a 4500
001 BR2011007603
003 BR-BrBNA
005 20230928103814.0
007 ta
008 230509b bl.||||| |||| 00| 0 por d
040 _aBR-BrBNA
_bpor
_cBiblioteca Nacional de Agricultura
041 _a(Por)
072 _aF62
_b0430
_b0332
_b0335
_b0331
_b0395
_b0510
090 _ 0430 BR2011007603
100 1 _aBeltrão, N.E. de M. (ed.)
100 1 _aOliveira, M.I.P. de (ed.)
110 1 _aEMBRAPA Informação Tecnológica, Brasília, DF (Brasil)
245 1 _aEcofisiologia das culturas de algodão, amendoim, gergelim, mamona, pinhão-manso e sisal
260 3 _aBrasília, DF (Brasil):
_c2011.
300 _a322 p.
500 _aIncludes several bibliographies.; 91 illus.; 24 tables
650 _aFISIOLOGIA VEGETAL
650 _aALGODÃO
650 _aGOSSYPIUM SPP
650 _aAMENDOIM
650 _aARACHIS HYPOGAEA
650 _aSESAMUM INDICUM
650 _aMAMONA
650 _aRICINUS COMMUNIS
650 _aPINHAO DE PURGA
650 _aJATROPHA CURCAS
650 _aMETABOLISMO VEGETAL
650 _aANATOMIA VEGETAL
650 _aSISTEMA RADICULAR
650 _aCOLHEITA
909 _a202309
_bLucia
_c55
_dLucia Elande
942 _cBK
999 _c76721
_d76721